Palfrey v. Wilson and another (Record no. 78448)

MARC details
000 -LEADER
fixed length control field 01628cab a2200193 4500
001 - CONTROL NUMBER
control field L136801
008 - FIXED-LENGTH DATA ELEMENTS--GENERAL INFORMATION
fixed length control field 070223n2007 000 0 eng u
035 ## - SYSTEM CONTROL NUMBER
System control number (Sirsi) u136801
041 ## - LANGUAGE CODE
Language code of text/sound track or separate title eng
245 00 - TITLE STATEMENT
Title Palfrey v. Wilson and another
Medium [electronic resource]
260 ## - PUBLICATION, DISTRIBUTION, ETC.
Date of publication, distribution, etc. 2007
520 ## - SUMMARY, ETC.
Summary, etc. [2007] EWCA Civ 94, 15 February 2007. The appellant appealed against an order that a wall between his property and the property of the respondents belonged to them. The former owner of the respondents' property had inserted a damp-proof course and carried out work to increase the height of the wall after receiving planning permission to do so. The judge held that the wall belonged to the respondents because the title had been acquired by adverse possession. The appellant submitted that the primary facts did not meet the conditions necessary to establish a claim to adverse possession. "Held": With consideration of the fact that, throughout the period of his ownership and occupation, the previous owner of the respondents' property had done all that was needed to maintain the whole of the wall, repairing it, inserting a damp proof course, and applying for planning permission and subsequently works, it was decided that these were unequivocal acts of adverse possession dispossessing the paper owner. The appeal was dismissed.
590 ## - LOCAL NOTE (RLIN)
Local note KA
650 24 - SUBJECT ADDED ENTRY--TOPICAL TERM
Topical term or geographic name entry element PALFREY V WILSON AND ANOTHER
651 #4 - SUBJECT ADDED ENTRY--GEOGRAPHIC NAME
Geographic name England
Chronological subdivision 886-
690 ## - LOCAL SUBJECT ADDED ENTRY--TOPICAL TERM (OCLC, RLIN)
Topical term or geographic name as entry element PROPERTY-PROPERTY MANAGEMENT-BOUNDARY DETERMINATION
856 40 - ELECTRONIC LOCATION AND ACCESS
Uniform Resource Identifier <a href="https://www.bailii.org/ew/cases/EWCA/Civ/2007/94.html">https://www.bailii.org/ew/cases/EWCA/Civ/2007/94.html</a>
Public note View the decision free of charge at www.bailii.org...
942 ## - ADDED ENTRY ELEMENTS (KOHA)
Suppress in OPAC 0
Holdings
Withdrawn status Lost status Source of classification or shelving scheme Damaged status Not for loan Home library Current library Shelving location Date acquired Total Checkouts Full call number Barcode Date last seen Copy number Price effective from Koha item type
    Dewey Decimal Classification     Virtual Virtual Online 23/02/2007   ONLINE PUBLICATION 136801-1001 06/08/2019 1 06/08/2019 Law report